000 00540nam a22001577a 4500
999 _c11970
_d11970
008 190114b ||||| |||| 00| 0 eng d
020 _a971-542-288-8
082 _22001
_aDFil 899.211
_bP53
245 _aThe Farmer and the priest (Bikol)/
_cDamiana L. Eugenio (Compiler and Editor)
260 _aQuezon City:
_bUniversity of the Philippines,
_c2001
300 _aPage 364-366;
_c23 cm.
500 _aPhilippine Folk Literature
650 _aFolklore
_934007
650 _aPhilippine folk literature--Collections
_934008
942 _2ddc
_cDFIL